[Event "WY Boys-U14"]
[Site "Porto Carras GRE"]
[Date "2010.10.29"]
[Round "10.14"]
[White "Pirverdiyev,A"]
[Black "Amstadt,A"]
[Result "0-1"]
[WhiteElo "2109"]
[BlackElo "2262"]

1.e4 c5 2.Nf3 e6 3.d4 cxd4 4.Nxd4 a6 5.Bd3 Qc7 6.O-O Nc6 7.Nxc6 bxc6 8.Nc3 d5
9.Re1 Nf6 10.Bg5 Bb7 11.Qf3 Be7 12.e5 Nd7 13.Bxe7 Kxe7 14.Qg3 h6 15.Na4 c5
16.c4 d4 17.b3 g5 18.Be4 Rag8 19.f3 h5 20.Bxb7 Qxb7 21.Nb2 Ke8 22.Re2 g4
23.f4 h4 24.Qd3 g3 25.h3 Rh5 26.a3 Rf5 27.Rf1 a5 28.Qf3 Qxf3 29.Rxf3 Ke7
30.Nd3 Rb8 31.Rb2 f6 32.exf6+ Kxf6 33.Rf1 Ke7 34.Rfb1 Kd6 35.b4 axb4 36.axb4 cxb4
37.Rxb4 Rxb4 38.Rxb4 Nc5 39.Ne5 Rxf4 40.Nf3 d3 41.Rb6+ Kc7 42.Rb4 Re4 43.Kf1 Re2
44.Nxh4 Ne4 45.Nf3 Rf2+ 46.Ke1 d2+ 47.Nxd2 Nxd2 48.c5 Rxg2 49.Rf4 e5  0-1

[Event "WY Boys-U14"]
[Site "Porto Carras GRE"]
[Date "2010.10.29"]
[Round "10.11"]
[White "Nasuta,G"]
[Black "Drozdowski,K"]
[Result "1/2-1/2"]
[WhiteElo "2130"]
[BlackElo "2303"]

1.e4 c5 2.Nf3 e6 3.d4 cxd4 4.Nxd4 a6 5.Bd3 Nf6 6.O-O Qc7 7.Be3 d6 8.a4 Nbd7
9.Nd2 g6 10.Qe2 Bg7 11.c4 O-O 12.Rfc1 Nc5 13.Bc2 e5 14.N4b3 Ne6 15.g3 Nd7
16.c5 Ndxc5 17.Bd3 Qe7 18.Nxc5 dxc5 19.Nc4 Nd4 20.Bxd4 cxd4 21.Nb6 Rb8 22.Bc4 Bh3
23.Bd5 h5 24.Rc4 Bh6 25.a5 Rbd8 26.Qc2 h4 27.Ra3 Qf6 28.Rc7 Be3 29.Qe2 Bg4
30.Qe1 hxg3 31.fxe3 gxh2+ 32.Kxh2 Kg7 33.Kg1 Bf3 34.exd4 Qg5+ 35.Kf2 Qh4+
36.Kf1 Qh1+ 37.Kf2 Qh4+ 38.Kf1 Qh1+ 39.Kf2 Qg2+ 40.Ke3 exd4+ 41.Kxd4 Kg8
42.Kc4 Qh2 43.Rxf7 Be2+ 44.Kb3 Rxf7 45.Ka2 Rxd5 46.exd5 Qe5 47.Qd2 Bb5 48.Re3 Qf4
49.d6 g5 50.b3 Qf2 51.Qxf2 Rxf2+ 52.Ka3 Rd2 53.Rg3 Rxd6 54.Rxg5+ Kf7 55.Rh5 Bc6
56.Rh7+ Kg6 57.Rh3 Rd4  1/2-1/2

[Event "Chigorin Mem Classic Open"]
[Site "St Petersburg RUS"]
[Date "2010.10.31"]
[Round "4"]
[White "Geller,J"]
[Black "Mishuchkov,N"]
[Result "0-1"]
[WhiteElo "2544"]
[BlackElo "2373"]

1.e4 c5 2.Nf3 e6 3.d4 cxd4 4.Nxd4 a6 5.Bd3 Bc5 6.Nb3 Be7 7.f4 d6 8.Nc3 Nc6
9.Qf3 Nf6 10.Be3 Nb4 11.g4 Nd7 12.O-O-O Nxd3+ 13.cxd3 b5 14.Kb1 Bb7 15.g5 b4
16.Ne2 e5 17.h4 a5 18.f5 a4 19.Nd2 d5 20.f6 gxf6 21.Rhf1 Qa5 22.gxf6 Bf8
23.d4 a3 24.b3 Qb5 25.Ka1 Ba6 26.Nc1 Qc6 27.Nb1 Bxf1 28.Qxf1 Qc2 29.Nd3 dxe4
30.Rd2 Qc6 31.Nxe5 Nxe5 32.dxe5 Rd8 33.Rc2 Qd5 34.Nd2 Qd3 35.Rc1 Qxf1 36.Rxf1 Rd3
37.Nc4 Kd7 38.Rg1 h5 39.Kb1 Ke6 40.Rg2 Bh6 41.Bxh6 Rxh6 42.Nd6 e3 43.Kc2 Rd2+
44.Rxd2 exd2 45.Kxd2 Rg6  0-1

[Event "Chigorin Mem Classic Open"]
[Site "St Petersburg RUS"]
[Date "2010.10.31"]
[Round "4"]
[White "Safronov,Kirill"]
[Black "Inants,A"]
[Result "0-1"]
[WhiteElo "1853"]
[BlackElo "2281"]

1.e4 c5 2.Nf3 e6 3.d4 cxd4 4.Nxd4 a6 5.Bd3 Nf6 6.O-O d6 7.c4 Nbd7 8.Nc3 b6
9.Be3 Bb7 10.f3 Rc8 11.Rc1 Be7 12.b3 O-O 13.Bb1 Qc7 14.Nce2 Qb8 15.Qd2 Bd8
16.Ng3 Bc7 17.Nde2 Rfe8 18.Bf2 d5 19.Be3 dxe4 20.fxe4 Rcd8 21.Qb2 Nc5 22.Bg5 Be5
23.Qc2 Ncxe4 24.Rxf6 Nxg5 25.Rff1 f5 26.Rcd1 Qc7 27.Qc1 Qc5+ 28.Rf2 h6 29.h4 Ne4
30.Nxe4 fxe4 31.Rf1 Rf8 32.Kh1 Rxf2 33.Rxf2 Rd1+ 34.Qxd1 Qxf2 35.Qd8+ Kh7
36.Qd1 Qxh4+ 37.Kg1 Kg8 38.Kf1 e3 39.Ng3 Bxg3 40.Qc2 Qh1+ 41.Ke2 Qxg2+  0-1

[Event "Chigorin Mem Classic Open"]
[Site "St Petersburg RUS"]
[Date "2010.11.02"]
[Round "6"]
[White "Sazonova,A"]
[Black "Dushin,N"]
[Result "0-1"]
[WhiteElo "1793"]
[BlackElo "2064"]

1.e4 e6 2.Nf3 c5 3.d4 cxd4 4.Nxd4 a6 5.Bd3 Nf6 6.O-O Qc7 7.Be3 d5 8.exd5 Nxd5
9.Bd2 Bd6 10.Nf3 Nd7 11.Nc3 Nb4 12.Qe2 Nxd3 13.Qxd3 Nc5 14.Qe2 O-O 15.Ne4 Nxe4
16.Qxe4 f6 17.Bc3 e5 18.h3 Qc6 19.Qxc6 bxc6 20.Rad1 Be7 21.Rd2 Rb8 22.b3 Bf5
23.Rfd1 g5 24.Ba1 Rfd8 25.c4 Bc2 26.Rxd8+ Rxd8 27.Rxd8+ Bxd8 28.Bc3 Kg7 29.Kf1 Bd3+
30.Ke1 Bb6 31.Nd2 Kg6 32.Bb4 Bd4 33.Ba5 e4 34.Bb4 f5 35.g3 f4 36.gxf4 gxf4
37.Ba5 Kf5 38.Bb4 Bf6 39.Bc5 Bg5 40.a3 Bc2 41.b4 Bf6 42.b5 axb5 43.cxb5 cxb5
44.Bb4 Bh4 45.Kf1 Ke5 46.Bc5 Kd5 47.Bb4 Bf6 48.Ke1 Bd4 49.Ke2 f3+ 50.Ke1 Bd3
51.Nf1 Bxf1 52.Kxf1  0-1

[Event "Chigorin Mem Classic Open"]
[Site "St Petersburg RUS"]
[Date "2010.11.04"]
[Round "8"]
[White "Yuffa,D"]
[Black "Mishuchkov,N"]
[Result "0-1"]
[WhiteElo "2235"]
[BlackElo "2373"]

1.e4 c5 2.Nf3 e6 3.d4 cxd4 4.Nxd4 a6 5.Bd3 Bc5 6.Nb3 Be7 7.O-O d6 8.Qe2 Nf6
9.Kh1 Nc6 10.Nc3 O-O 11.Bd2 Nb4 12.f4 Nxd3 13.cxd3 b6 14.Nd4 Bb7 15.a3 Nd7
16.Be3 Bf6 17.Rac1 Rc8 18.Rc2 Re8 19.Rfc1 Nc5 20.b4 Bxd4 21.Bxd4 Nb3 22.Qe3 Nxc1
23.Bxb6 Qf6 24.Qxc1 Qg6 25.Bd4 h6 26.Qe3 e5 27.fxe5 dxe5 28.Bc5 Qg5 29.Qxg5 hxg5
30.Kg1 g6 31.g4 Rcd8 32.Rd2 f6 33.Be3 Bc6 34.a4 Rb8 35.Bc5 Kf7 36.Kf2 Ke6
37.a5 Red8 38.Ke3 Rd7 39.Nd1 Rh8 40.Nf2 Rxh2 41.d4 exd4+ 42.Bxd4 Bb5 43.Rc2 Rg2  0-1

[Event "Chigorin Mem Classic Open"]
[Site "St Petersburg RUS"]
[Date "2010.11.05"]
[Round "9"]
[White "Lintchevski,D"]
[Black "Fedorov,Alex"]
[Result "1/2-1/2"]
[WhiteElo "2528"]
[BlackElo "2599"]

1.e4 c5 2.Nf3 e6 3.d4 cxd4 4.Nxd4 a6 5.Bd3 Bc5 6.Nb3 Be7 7.O-O d6 8.a4 Nf6
9.a5 b5 10.axb6 Qxb6 11.Be3 Qc7 12.Nc3 O-O 13.Qe2 Bb7 14.Na5 Nc6 15.Nxb7 Qxb7
16.Bxa6 Qxb2 17.Na4 Qb4 18.Nb6 Rab8 19.Ra4 Rxb6 20.Rxb4 Rxb4 21.c3 Rbb8 22.Qc4 Ne5
23.Qc7 Ned7 24.Bb7 Rbd8 25.Bd4 Ne5 26.Rb1 Ng6 27.Qa5 Nd7 28.g3 Bf6 29.Kg2 Bxd4
30.cxd4 e5 31.Bd5 Nf6 32.Rb7 Rde8 33.Qc7 Ne7 34.Qxd6 Nexd5 35.exd5 exd4 36.Qc6 Rc8
37.Qb6 Nxd5 38.Qxd4 Nc7 39.Qe5 Ne6 40.h4 Rc5 41.Qe3 h5 42.Re7  1/2-1/2

[Event "Chigorin Mem Classic Open"]
[Site "St Petersburg RUS"]
[Date "2010.11.05"]
[Round "9"]
[White "Khairullin,I"]
[Black "Papin,V"]
[Result "1/2-1/2"]
[WhiteElo "2620"]
[BlackElo "2534"]

1.e4 c5 2.Nf3 e6 3.d4 cxd4 4.Nxd4 a6 5.Bd3 Qb6 6.Nb3 Qc7 7.O-O d6 8.a4 b6
9.Na3 Nf6 10.a5 Nbd7 11.axb6 Nxb6 12.Qe2 Be7 13.Be3 Nfd7 14.f4 O-O 15.Nb1 d5
16.e5 Nc5 17.Nxc5 Bxc5 18.Nd2 a5 19.Bxc5 Qxc5+  1/2-1/2

[Event "Chigorin Mem Classic Open"]
[Site "St Petersburg RUS"]
[Date "2010.11.05"]
[Round "9"]
[White "Massironi,M"]
[Black "Yakovlev,YuriS"]
[Result "1-0"]
[WhiteElo "2156"]
[BlackElo "2041"]

1.e4 c5 2.Nf3 e6 3.d4 cxd4 4.Nxd4 a6 5.Bd3 b5 6.a4 bxa4 7.O-O Bb7 8.Rxa4 Qc7
9.Qe2 Nf6 10.Nc3 h5 11.Rc4 Nc6 12.Nf5 g6 13.Bg5 Ng4 14.g3 f6 15.Nd5 exd5
16.exd5+ Kf7 17.Rxc6 Bxc6 18.Bc4 Qe5 19.dxc6+ d5 20.Qxe5 fxe5 21.Bxd5+ Ke8
22.Rd1 Rh7 23.c7 Rxc7 24.Bxa8 gxf5 25.Rd8+ Kf7 26.h3 Nxf2 27.Kxf2 Rxc2+ 28.Rd2 Bc5+
29.Ke2 Rxd2+ 30.Bxd2  1-0

[Event "TCh-HUN 2010-11"]
[Site "Decs HUN"]
[Date "2010.11.07"]
[Round "2"]
[White "Nadj Hedjesi,B"]
[Black "Fogarasi,T"]
[Result "1-0"]
[WhiteElo "2407"]
[BlackElo "2420"]

1.e4 c5 2.Nf3 e6 3.d4 cxd4 4.Nxd4 a6 5.Bd3 g6 6.O-O Bg7 7.Nb3 Ne7 8.Nc3 Nbc6
9.Bg5 h6 10.Bxe7 Qxe7 11.f4 O-O 12.Qd2 d6 13.Rae1 b5 14.Kh1 b4 15.Nd5 Qb7
16.f5 exd5 17.f6 Ne5 18.fxg7 Kxg7 19.Qf4 Qe7 20.exd5 a5 21.Nd4 Qg5 22.Qe4 Bb7
23.Nf5+ gxf5 24.Rxf5 Qg6 25.Re3 Nxd3 26.Qxd3 Ba6 27.Qd4+ Kh7 28.Rf6 Qh5 29.Rh3 Rae8
30.Rxh5  1-0

[Event "TCh-HUN 2010-11"]
[Site "Decs HUN"]
[Date "2010.11.07"]
[Round "2"]
[White "Medvegy,N"]
[Black "Papp,T1"]
[Result "1/2-1/2"]
[WhiteElo "2336"]
[BlackElo "2316"]

1.e4 c5 2.Nf3 e6 3.d4 cxd4 4.Nxd4 a6 5.Bd3 Qc7 6.O-O Nf6 7.Qe2 d6 8.c4 Be7
9.Nc3 O-O 10.Kh1 Nbd7 11.f4 g6 12.Nf3 b6 13.e5 Nh5 14.Bd2 Bb7 15.Rae1 Rad8
16.Be4 Bxe4 17.Nxe4 Nc5 18.Nxc5 dxc5 19.Rd1 Rd7 20.Be3 Rfd8 21.b3 Ng7 22.Kg1 Nf5
23.Bf2 Qc6 24.Rxd7 Qxd7 25.Rc1 a5 26.Kf1 h6 27.h4 h5 28.Qc2 Kf8 29.Ke1 Qc6
30.Rd1 Rxd1+ 31.Kxd1 Ke8 32.Ke2 Nh6 33.a4 Nf5  1/2-1/2

[Event "TCh-HUN 2010-11"]
[Site "Decs HUN"]
[Date "2010.11.07"]
[Round "2"]
[White "Roganovic,Milo"]
[Black "Izsak,Gyu"]
[Result "1/2-1/2"]
[WhiteElo "2497"]
[BlackElo "2472"]

1.e4 c5 2.Nf3 e6 3.d4 cxd4 4.Nxd4 a6 5.Bd3 Nc6 6.Nxc6 dxc6 7.Nd2 e5 8.Nc4 Be6
9.O-O Bd6 10.Nxd6+ Qxd6 11.f4 exf4 12.Bxf4 Qc5+ 13.Kh1 Ne7 14.b4 Qd4 15.Qe1 Ng6
16.Be3 Qd8 17.e5 O-O 18.Rd1 Qh4 19.Bxg6 Qxe1 20.Bxf7+ Rxf7 21.Rfxe1 Bxa2
22.Bc5 Be6 23.Rd6 Re8 24.Kg1 h6 25.h3 Rf4 26.c3 Rf5 27.Rd2 Bd5 28.Bd6 Kf7
29.Rf2 Rxf2 30.Kxf2  1/2-1/2

[Event "ch-ISR"]
[Site "Haifa ISR"]
[Date "2010.11.09"]
[Round "2.14"]
[White "Zaltz,D"]
[Black "Kudischewitsch,D"]
[Result "1/2-1/2"]
[WhiteElo "2316"]
[BlackElo "2366"]

1.e4 c5 2.Nf3 e6 3.d4 cxd4 4.Nxd4 a6 5.Bd3 Ne7 6.O-O Nec6 7.Nxc6 Nxc6 8.f4 Be7
9.Be3 O-O 10.Nd2 b5 11.a4 Rb8 12.axb5 axb5 13.c3 b4 14.c4 d6 15.Nb3 Qc7 16.Qc2 f5
17.c5 d5 18.exf5 exf5 19.Rfd1 g6 20.Be2 Be6 21.Bf3 Rfd8 22.Nd4 Bf7 23.Nxc6 Qxc6
24.Bd4 Rb5 25.Rdc1 Bxc5 26.Kh1 Rc8 27.Qf2 Qb6 28.Qh4 Qd6 29.Rc2 b3 30.Rc3 Rb4
31.Rd1 Be6 32.Qf6 Rxd4 33.Rxd4 Rf8 34.Qxe6+ Qxe6 35.Bxd5 Bxd4 36.Bxe6+ Kh8
37.Rc8 Rxc8 38.Bxc8 Bxb2 39.Be6 Bc1 40.Bxb3 Bxf4 41.g3 Bc7 42.Kg2 Kg7 43.Kf3 h5
44.h3 Kf6  1/2-1/2

[Event "Russia Cup Final KO"]
[Site "Belgorod RUS"]
[Date "2010.11.10"]
[Round "2.2"]
[White "Khairullin,I"]
[Black "Bocharov,D"]
[Result "1/2-1/2"]
[WhiteElo "2637"]
[BlackElo "2610"]

1.e4 c5 2.Nf3 e6 3.d4 cxd4 4.Nxd4 a6 5.Bd3 Bc5 6.Nb3 Be7 7.Qg4 Bf6 8.O-O d6
9.Qg3 Ne7 10.N1d2 e5 11.Nc4 Be6 12.Be3 Nc8 13.f4 Nd7 14.f5 Bxc4 15.Bxc4 Ncb6
16.Bd3 d5 17.c3 O-O 18.Rad1 Qc7 19.Qf3 dxe4 20.Qxe4 Rfd8 21.a4 Nc8 22.Qc4 Qb8
23.Nc5 Nd6 24.Qb4 a5 25.Qa3 Qc7 26.Nxd7 Rxd7 27.Qb3 h6 28.Qb6 Qc8 29.Be2 Bd8
30.Qc5 Bc7 31.f6 Ne4 32.Qb5 Rxd1 33.Bxd1 Nxf6 34.Bxh6 gxh6 35.Rxf6 Ra6 36.Bg4 Qd8
37.Rxa6 bxa6 38.Qxa6 Qd2 39.g3 Qc1+ 40.Kg2 Qxb2+ 41.Kh3 Qb6 42.Qc4 Qd6 43.Bf5 Kf8
44.Qd3 Qxd3  1/2-1/2

[Event "Russia Cup Final KO"]
[Site "Belgorod RUS"]
[Date "2010.11.10"]
[Round "2.3"]
[White "Khairullin,I"]
[Black "Bocharov,D"]
[Result "1/2-1/2"]
[WhiteElo "2637"]
[BlackElo "2610"]

1.e4 c5 2.Nf3 e6 3.d4 cxd4 4.Nxd4 a6 5.Bd3 Bc5 6.Nb3 Be7 7.Qg4 Bf6 8.O-O Ne7
9.Qg3 Nbc6 10.Nc3 d6 11.Rd1 O-O 12.Bf1 e5 13.Qd3 Nb4 14.Qd2 Bg4 15.f3 Be6
16.Qf2 Qc7 17.Be3 b5 18.Rd2 Nc8 19.Rad1 Rb8 20.a3 Nxc2 21.Nxb5 axb5 22.Rxc2 Qd8
23.Nc5 Bh4 24.g3 Bg5 25.Nxe6 fxe6 26.Bh3 Re8 27.f4 exf4 28.gxf4 Bh6 29.Rc6 Qd7
30.Rdc1 Qf7 31.Qg3 Kh8 32.R1c2 Rf8 33.Qg4 Ne7 34.Rxd6 e5 35.Rd7 Qb3 36.Qe2 Ng6
37.Rd3 Qf7 38.f5 Bxe3+ 39.Qxe3 Nf4 40.Rdd2 Qf6 41.Bf1 g6 42.Kh1 gxf5 43.exf5 Qxf5
44.Bd3 Qh5 45.Rc7 Nxd3 46.Rxd3 Rf1+ 47.Kg2 Rbf8 48.Qd2 Qf5 49.Rxh7+ Kxh7
50.Rh3+ Kg8 51.Rg3+ Kf7 52.Qd5+ Ke7 53.Qb7+ Kf6 54.Qc6+ Kf7 55.Qc7+ Ke6 56.Qc6+  1/2-1/2

[Event "TCh-SWE Elitserien 2010-11"]
[Site "Sweden SWE"]
[Date "2010.11.14"]
[Round "4"]
[White "Welin,M"]
[Black "Andreasson,I"]
[Result "0-1"]
[WhiteElo "2280"]
[BlackElo "2336"]

1.e4 c5 2.Nf3 e6 3.d4 cxd4 4.Nxd4 a6 5.Bd3 Qc7 6.O-O b6 7.c4 Bb7 8.Nc3 Nc6
9.Nxc6 dxc6 10.f4 O-O-O 11.Qe2 c5 12.a4 Ne7 13.a5 bxa5 14.Be3 Nc6 15.e5 g5
16.fxg5 Bg7 17.Bf4 h6 18.Be4 hxg5 19.Bg3 Bxe5 20.Bxc6 Bd4+ 21.Kh1 Qxg3 22.Bxb7+ Kb8
23.h3 Be5 24.Kg1 Qh2+ 25.Kf2 Bd4+ 26.Ke1 Bxc3+ 27.bxc3 Qg3+  0-1

[Event "1st Open"]
[Site "Brno CZE"]
[Date "2010.11.17"]
[Round "5"]
[White "Krejci,Jan2"]
[Black "Snorek,M"]
[Result "1-0"]
[WhiteElo "2439"]
[BlackElo "2179"]

1.e4 c5 2.Nf3 e6 3.d4 cxd4 4.Nxd4 a6 5.Bd3 Qc7 6.O-O Nf6 7.Qe2 d6 8.c4 Nbd7
9.Nc3 Ne5 10.b3 Nxd3 11.Qxd3 Be7 12.Qg3 O-O 13.Bh6 Ne8 14.Rad1 Kh8 15.Bg5 Bxg5
16.Qxg5 b5 17.Rc1 bxc4 18.Na4 h6 19.Qe3 d5 20.bxc4 e5 21.Nf3 d4 22.Qa3 Kg8
23.Qc5 Qxc5 24.Nxc5 f6 25.Nd2 g5 26.Rb1 Rf7 27.Rb6 Rc7 28.Nd3 a5 29.Rc1 Ba6
30.f3 Kf7 31.g3 Ke7 32.f4 gxf4 33.gxf4 Nd6 34.fxe5 fxe5 35.Nxe5 Rg8+ 36.Kf2 Bb7
37.Nef3 Rf8 38.Ke2 Rf4 39.Nxd4 Nxe4 40.Ke3 Nc5 41.Kxf4 Nd3+ 42.Ke3 Nxc1 43.Rxh6 Rd7
44.Rh7+ Ke8 45.Rxd7 Kxd7 46.a3 Kd6 47.h4 Ke5 48.c5 a4 49.Nc4+ Kf6 50.Kd2 Nb3+
51.Nxb3 axb3 52.Kc3 Ke6 53.Kxb3 Kd5 54.Kb4  1-0

[Event "1st Open"]
[Site "Brno CZE"]
[Date "2010.11.17"]
[Round "6"]
[White "Blahynka,M"]
[Black "Vorobyov,Y"]
[Result "0-1"]
[WhiteElo "1951"]
[BlackElo "2235"]

1.e4 c5 2.Nf3 e6 3.d4 cxd4 4.Nxd4 a6 5.Bd3 g6 6.Be3 Bg7 7.Nd2 Ne7 8.O-O d5
9.f4 dxe4 10.Nxe4 f5 11.Nf2 Nd5 12.Nxf5 exf5 13.Re1 Nxe3 14.Rxe3+ Kf8 15.Qd2 Nc6
16.Rae1 Bf6 17.Qe2 Kg7 18.Bc4 Nd4 19.Qd3 b5 20.Bb3 Nxb3 21.Qxb3 Ra7 22.Rd3 Rd7
23.Red1 Rxd3 24.Rxd3 Qc7  0-1

[Event "1st Open"]
[Site "Brno CZE"]
[Date "2010.11.17"]
[Round "6"]
[White "Kotva,M"]
[Black "Med,L"]
[Result "0-1"]
[WhiteElo "2070"]
[BlackElo "1883"]

1.e4 c5 2.Nf3 e6 3.d4 cxd4 4.Nxd4 a6 5.Bd3 Qc7 6.O-O Nc6 7.c3 Nf6 8.Be3 Be7
9.f4 d6 10.Nd2 e5 11.Nxc6 bxc6 12.h3 O-O 13.Qe2 Bb7 14.fxe5 dxe5 15.Bf2 g6
16.Nc4 Nh5 17.Bc2 Nf4 18.Qf3 c5 19.Rae1 a5 20.Bg3 g5 21.Bxf4 gxf4 22.Rd1 Ba6
23.b3 Bxc4 24.bxc4 Kh8 25.Rd5 Rg8 26.Rfd1 Rg3 27.Qh5 Rag8 28.Rd7 Rxg2+ 29.Kh1 Qxd7
30.Qxe5+ f6 31.Qh5 Qe6  0-1

[Event "1st Open"]
[Site "Brno CZE"]
[Date "2010.11.19"]
[Round "8"]
[White "Blahynka,M"]
[Black "Kosina,V"]
[Result "0-1"]
[WhiteElo "1951"]
[BlackElo "1878"]

1.e4 c5 2.Nf3 e6 3.d4 cxd4 4.Nxd4 a6 5.Bd3 g6 6.Be3 Bg7 7.Nc3 Ne7 8.O-O O-O
9.Be2 b5 10.f4 Bb7 11.Bf3 Nbc6 12.e5 f5 13.Nxc6 Nxc6 14.Bc5 Rf7 15.Bd6 Qb6+
16.Kh1 Bh6 17.Qd2 Nd8 18.Rad1 Bc6 19.Ne2 Nb7 20.Bxc6 Qxc6 21.Nd4 Qd5 22.Nb3 Qc6
23.Rf2 Rc8 24.Na5 Nxa5 25.Qxa5 Rg7 26.h4 Qb7 27.Rd4 Kf7 28.Rfd2 Ke8 29.Qb4 Rf7
30.a4 Qc6 31.a5 Bg7 32.c4 Bh6 33.Rc2 Qa8 34.Rc3 bxc4 35.Rdxc4 Rd8 36.Qc5 Bf8
37.Qc8 Bxd6 38.exd6 Rf8 39.Qxa8 Rxa8 40.Rc8+ Kf7 41.Rxf8+ Kxf8 42.Rc7 Ke8
43.Rb7 Kd8 44.Rb6 Kc8 45.Kh2 Rb8 46.Rxa6 Rxb2 47.Ra7 Rd2 48.Rc7+ Kd8 49.a6 Rxd6
50.a7 Ra6 51.Rb7 Ke7 52.Kh3 Ra3+ 53.g3 h5 54.Kg2 Ra2+ 55.Kf3 Ra3+ 56.Kf2 Kd6
57.Rb8 Rxa7 58.Rg8 Kd5 59.Rxg6 Ke4 60.Rg5 Ra2+ 61.Ke1 Ke3 62.Kd1 Rg2 63.Rxh5 Rxg3
64.Rh7 Kxf4 65.Rxd7 e5 66.h5 Rh3 67.Rh7 Rh2 68.Rh8 e4 69.h6 Kf3 70.h7 f4
71.Ke1 Ke3 72.Kf1 f3 73.Ra8 Rxh7 74.Ra3+ Kf4 75.Ra4 Rh2 76.Ke1 Re2+ 77.Kf1 Kg3
78.Ra8 Rd2 79.Rg8+ Kf4 80.Rb8 Ke3 81.Rb3+ Rd3 82.Rb1 Kf4 83.Rb7 e3 84.Rf7+ Kg4
85.Rg7+ Kh5 86.Rh7+ Kg6  0-1

[Event "ch-UKR w"]
[Site "Poltava UKR"]
[Date "2010.11.19"]
[Round "7"]
[White "Gaponenko,I"]
[Black "Kalinina,O"]
[Result "1-0"]
[WhiteElo "2469"]
[BlackElo "2222"]

1.e4 c5 2.Nf3 e6 3.d4 cxd4 4.Nxd4 a6 5.Bd3 Qc7 6.O-O Nf6 7.Qe2 d6 8.c4 g6
9.Nc3 Bg7 10.Rd1 O-O 11.Nf3 Nfd7 12.Bc2 Ne5 13.Bb3 Nbc6 14.Be3 Ng4 15.Bf4 Nge5
16.Rac1 Qe7 17.Be3 h6 18.Na4 Bd7 19.c5 Nxf3+ 20.Qxf3 Ne5 21.Qe2 Bxa4 22.Bxa4 Rfd8
23.f4 Nc6 24.Bxc6 bxc6 25.cxd6 Rxd6 26.Rxd6 Qxd6 27.e5 Qd5 28.Qc4 Rb8 29.b3 Qa5
30.Qe2 g5 31.Rxc6 gxf4 32.Bxf4 Qd5 33.Rc4 Rd8 34.h3 Qb7 35.Ra4 a5 36.Kh2 Rd5
37.Bg3 Qb8 38.Rg4 Kf8 39.Qe3 h5 40.Re4 Qd8 41.Rc4 Kg8 42.Qc1 Rd1 43.Qf4 Rd2
44.a4 Qd5 45.Qe4 Qxe4 46.Rxe4 Rd3 47.b4 axb4 48.Rxb4 Kh7 49.a5 Ra3 50.Rb5 Kg6
51.Be1 Kf5 52.Bb4 Ra2 53.Bd6 Bh6 54.Kg3 Bd2 55.Bc7 Ke4 56.Kh4 Be1+ 57.Kxh5 Rxg2
58.Kh6 Rh2 59.Kg7 Rxh3 60.Bb6 Rf3 61.a6 Ra3 62.a7 Ra6 63.Kxf7 Kd3 64.Kxe6 Kc4
65.Rb1 Ba5 66.Kd7 Bxb6 67.Rxb6 Rxa7+ 68.Kd6 Ra1 69.e6 Rd1+ 70.Kc7 Re1 71.Kd7 Kc5
72.Rc6+ Kd5 73.Rd6+ Kc5 74.e7 Re2 75.Rd1  1-0

[Event "ch-UKR w"]
[Site "Poltava UKR"]
[Date "2010.11.20"]
[Round "8"]
[White "Andrenko,I"]
[Black "Gritsayeva,O"]
[Result "0-1"]
[WhiteElo "2231"]
[BlackElo "2301"]

1.e4 c5 2.Nf3 e6 3.d4 cxd4 4.Nxd4 a6 5.Bd3 Qc7 6.O-O Nf6 7.Nc3 d6 8.Kh1 Be7
9.f4 Nbd7 10.Qe1 b5 11.a3 Bb7 12.Bd2 Nc5 13.b4 Nxd3 14.cxd3 O-O 15.Rc1 Qd8
16.Qg3 Rc8 17.Nce2 Rxc1 18.Nxc1 Qb6 19.Ncb3 Rc8 20.Be3 Qd8 21.Bc1 Nd7 22.Nd2 Bh4
23.Qg4 Bf6 24.Bb2 e5 25.fxe5 dxe5 26.N4b3 Rc2 27.Ba1 Ra2 28.Qd1 Rxa3 29.Qc1 Ra2
30.Qb1 Ra4 31.Na5 Qb6 32.Bc3 Bc8 33.Qb3 Nf8 34.Nac4 Qe6 35.Qc2 Bd7 36.Ne3 Qa2
37.Qd1 Be6 38.Nb1 Ng6 39.Bd2 Qb3 40.Qc1 Ra1 41.Nc2 Ra2 42.Ne1 Qb2 43.Qxb2 Rxb2
44.Nf3 Bg4 45.Bc3 Rc2 46.Ng1 Bg5 47.h3 Be2 48.Nxe2 Rxe2 49.d4 exd4 50.Bxd4 Rxe4
51.Rd1 Bf6 52.Bc5 h5 53.Nd2 Re2 54.Nf3 Nf4 55.Rd6 Ra2 56.Rd2 Rxd2 57.Nxd2 Nd3
58.Ne4 Be5 59.g4 hxg4 60.hxg4 Bb2 61.Nf2 Nxc5 62.bxc5 Kf8 63.Nd3 Ba3 64.Ne5 Ke7
65.c6 Bd6 66.Nd7 b4 67.Nb6 b3 68.Nc4 a5 69.Kg2 a4 70.Nd2 b2 71.Nb1 a3 72.c7 Kd7  0-1

[Event "ch-UKR w"]
[Site "Poltava UKR"]
[Date "2010.11.21"]
[Round "9"]
[White "Zdebskaja,N"]
[Black "Ivanenko,O2"]
[Result "1/2-1/2"]
[WhiteElo "2383"]
[BlackElo "2132"]

1.e4 c5 2.Nf3 e6 3.d4 cxd4 4.Nxd4 a6 5.Bd3 Nf6 6.O-O d6 7.Qe2 b6 8.c4 Bb7
9.Nc3 Be7 10.f4 O-O 11.Kh1 Nc6 12.Nxc6 Bxc6 13.Bd2 Nd7 14.Rae1 Bf6 15.Bc2 g6
16.Rd1 Qc7 17.Be3 Nc5 18.Bd4 Bxd4 19.Rxd4 e5 20.Rdd1  1/2-1/2

[Event "XXIII Belgrade Trophy"]
[Site "Obrenovac SRB"]
[Date "2010.11.24"]
[Round "1.35"]
[White "Kosic,L"]
[Black "Panic,Ne"]
[Result "0-1"]
[WhiteElo "1946"]
[BlackElo "2365"]

1.e4 c5 2.Nf3 e6 3.d4 cxd4 4.Nxd4 a6 5.Bd3 Nc6 6.Nb3 Nf6 7.Bg5 h6 8.Bh4 Be7
9.N1d2 b5 10.O-O g5 11.Bg3 h5 12.f4 h4 13.Be1 gxf4 14.Rxf4 Ne5 15.Rxh4 Rxh4
16.Bxh4 Nfg4 17.Bxe7 Kxe7 18.Nd4 Qb6 19.Nb3 Bb7 20.h3 Nf6 21.Qe1 Rg8 22.Qe3 Qc7
23.Rf1 Nh5 24.Nf3 Nxd3 25.cxd3 Qg3 26.Qf2 f5 27.Nc5 Ba8 28.exf5 Qxh3 29.fxe6 Nf4
30.Qh4+ Qxh4 31.Nxh4 Nxe6 32.Nxa6 Rg4 33.Nf5+ Kd8 34.g3 Ra4 35.Nb8 Kc7 36.Nxd7 Kxd7
37.a3 Rg4 38.Kf2 Rg8 39.Ne3 Nd4 40.g4 Rh8 41.Kg3 Ne2+ 42.Kf2 Rh2+ 43.Ke1 Nc1
44.g5 Nxd3+ 45.Kd1 Nxb2+ 46.Kc1 Nc4 47.Nc2 Be4 48.Nd4 Ra2 49.Nb3 Rc2+  0-1

[Event "Podgaets Memorial"]
[Site "Odessa UKR"]
[Date "2010.11.24"]
[Round "5"]
[White "Bulanov,D"]
[Black "Gorbunov,I RUS"]
[Result "1/2-1/2"]
[WhiteElo "2370"]
[BlackElo "2250"]

1.e4 c5 2.Nf3 e6 3.d4 cxd4 4.Nxd4 a6 5.Bd3 d6 6.O-O Nf6 7.Be3 Be7 8.a4 Nbd7
9.Nc3 O-O 10.Nb3 b6 11.f4 Bb7 12.Qf3 Rc8 13.Qe2 Ra8 14.Rae1 Qc7 15.g4 d5
16.exd5 Nxd5 17.Nxd5 Bxd5 18.Bd4 Bb4 19.Nd2 Nc5 20.Bxh7+ Kxh7 21.c3 Bxc3
22.bxc3 Kg8 23.g5 Bb7 24.Qh5 Qc6 25.Rf3 Rfd8 26.f5 exf5 27.Re7 Qg6 28.Qxg6 fxg6
29.Rfe3 Rd7 30.Rxd7 Nxd7 31.Re7 Bc6 32.Rxg7+ Kf8 33.Rxg6 Bxa4 34.h4 Kf7 35.Rg7+ Ke6
36.h5 Ne5 37.Bxe5 Kxe5 38.Nc4+ Kf4 39.Nxb6 Rb8 40.Nxa4 Kf3 41.Nc5 Rb1+ 42.Kh2 Rb2+
43.Kh3 Rb1  1/2-1/2

[Event "Vasylyshyn Memorial GM"]
[Site "Lviv UKR"]
[Date "2010.11.26"]
[Round "4"]
[White "Petr,Ma"]
[Black "Grabliauskas,V"]
[Result "1-0"]
[WhiteElo "2462"]
[BlackElo "2404"]

1.e4 c5 2.Nf3 e6 3.d4 cxd4 4.Nxd4 a6 5.Bd3 Bc5 6.Nb3 Be7 7.Qg4 g6 8.Qe2 d6
9.a4 b6 10.Na3 Nc6 11.Nc4 Qc7 12.a5 b5 13.Nb6 Rb8 14.O-O Nb4 15.Bd2 Nxd3
16.cxd3 Bb7 17.Rac1 Qd8 18.f4 Nf6 19.Rc2 O-O 20.Rfc1 e5 21.Rc7 Qe8 22.fxe5 dxe5
23.Nc5 Bxc5+ 24.R1xc5 Qe6 25.Bc3 Ne8 26.Rxe5 Qb3 27.Rce7 b4 28.Bd4 Bc6 29.h3 Rd8
30.Qe3 Ng7 31.Rc5 Ne6 32.Nd5 Bxd5 33.exd5 Rxd5 34.Rxe6 Rxd4 35.Rxg6+ hxg6
36.Qxd4 Re8 37.Rc6 Kh7 38.Kh2 Qd1 39.Qf6 Kg8 40.Rc7 Qb3 41.Rc4  1-0

[Event "11th Puhajarve Rapid"]
[Site "Harjumaa EST"]
[Date "2010.11.27"]
[Round "11"]
[White "Ladva,O"]
[Black "Kulaots,K"]
[Result "1-0"]
[WhiteElo "1998"]
[BlackElo "2580"]

1.e4 c5 2.Nf3 e6 3.d4 cxd4 4.Nxd4 a6 5.Bd3 Bc5 6.Nb3 Be7 7.Qg4 g6 8.Qe2 d6
9.O-O Nd7 10.c4 b6 11.Nc3 Bb7 12.f4 Qc7 13.Be3 Ngf6 14.Rad1 h5 15.h3 Rc8
16.a4 h4 17.Bd4 Nc5 18.Bc2 Bc6 19.a5 bxa5 20.Nxc5 dxc5 21.Be5 Qb7 22.Nd5 exd5
23.exd5 O-O 24.dxc6 Qxc6 25.Qf2 Nh5 26.f5 Rcd8 27.Rxd8 Rxd8 28.fxg6 f6 29.Qxh4 Rd2
30.Be4 Bf8  1-0

[Event "4th South Bohemia Open"]
[Site "Cesky Krumlov CZE"]
[Date "2010.11.28"]
[Round "9"]
[White "Semenova,Ir"]
[Black "Nemcova,Kat"]
[Result "1/2-1/2"]
[WhiteElo "2243"]
[BlackElo "2287"]

1.e4 c5 2.Nf3 e6 3.d4 cxd4 4.Nxd4 a6 5.Bd3 Bc5 6.Nb3 Ba7 7.Qe2 d6 8.c4 Nc6
9.Be3 e5 10.Bxa7 Rxa7 11.Nc3 Nf6 12.O-O O-O 13.Rac1 Be6 14.Qe3 Ra8 15.Be2 Rc8
16.Rfd1 Kh8 17.h3 Rg8 18.Rd2 Qf8 19.Rcd1 Rd8  1/2-1/2

[Event "TCh-SVK Extraliga 2010-11"]
[Site "Modra SVK"]
[Date "2010.11.28"]
[Round "2"]
[White "Vojtek,V"]
[Black "Schwarz,Du"]
[Result "1-0"]
[WhiteElo "2295"]
[BlackElo "2294"]

1.e4 c5 2.Nf3 e6 3.d4 cxd4 4.Nxd4 a6 5.Bd3 Bc5 6.Nb3 Be7 7.Qe2 d6 8.Be3 Nf6
9.N1d2 Nc6 10.f4 O-O 11.O-O Nb4 12.Rad1 b5 13.e5 Nfd5 14.Be4 Nxe3 15.Qxe3 d5
16.c3 dxe4 17.cxb4 Bxb4 18.Nxe4 Qc7 19.Nbc5 Rd8 20.Rd4 Bxc5 21.Nxc5 Rxd4
22.Qxd4 Bb7 23.Rd1 g6 24.Qd6 Rc8 25.b4 a5 26.a3 axb4 27.axb4 Bd5 28.Ra1 Qd8
29.g3 Ra8 30.Qxd8+ Rxd8 31.Kf2 Kg7 32.g4 h6 33.Ra7 g5 34.f5 exf5 35.gxf5 Kg8
36.Ke3 Bc4 37.Rc7 Rd1 38.Ne4 Rd3+ 39.Kf2 Rd8 40.Nf6+ Kg7 41.Ke3 Rd3+ 42.Ke4 Rd8
43.e6 Bxe6 44.Nh5+  1-0

[Event "Podgaets Memorial"]
[Site "Odessa UKR"]
[Date "2010.11.30"]
[Round "11"]
[White "Golubev,M"]
[Black "Gorbunov,I RUS"]
[Result "1-0"]
[WhiteElo "2492"]
[BlackElo "2250"]

1.e4 c5 2.Nf3 e6 3.d4 cxd4 4.Nxd4 a6 5.Bd3 Bc5 6.Nb3 Be7 7.O-O d6 8.f4 Nd7
9.c4 b6 10.Nc3 Ngf6 11.Qe2 Qc7 12.Bd2 Bb7 13.a4 O-O 14.a5 Rfe8 15.axb6 Qxb6+
16.Be3 Qxb3 17.Ra3 Qb4 18.Ra4 Qxa4 19.Nxa4 Nxe4 20.Bd4 f5 21.Bxe4 Bxe4 22.Nc3 Bf6
23.Rd1 d5 24.b4 Reb8 25.Nxe4 fxe4 26.Be3 Rxb4 27.cxd5 e5 28.f5 h6 29.d6 Rc8
30.Qxa6 Rc2 31.Qa8+ Kh7 32.Qe8 Rb3 33.Bxh6 Rbb2 34.Qg6+ Kg8 35.Be3 Re2 36.Qe8+ Nf8
37.Bc5 e3 38.Qa8 Red2 39.Re1 Ra2 40.Qe4 e2 41.Qc4+ Kh7 42.Bb4 Rac2 43.Qe4 Rc1
44.Bxd2  1-0